Loreto College Library, Kolkata
WEBOPAC (ONLINE PUBLIC ACCESS CATALOGUE)

Modern English Painting (Record no. 17443)

MARC details
000 -LEADER
fixed length control field 00482nam a2200193Ia 4500
005 - DATE AND TIME OF LATEST TRANSACTION
control field 20231202094949.0
008 - FIXED-LENGTH DATA ELEMENTS--GENERAL INFORMATION
fixed length control field 131103s9999 xx 000 0 und d
040 ## - CATALOGING SOURCE
Original cataloging agency Loreto College
041 ## - LANGUAGE CODE
Language code English
082 ## - DDC | ডিউই
Classification number | বর্গসংখ্যা 759.942
Book Number | গ্রন্থাঙ্ক ROT
100 ## - MAIN ENTRY--PERSONAL NAME | মুখ্য সংলেখ - ব্যাক্তিনাম
Personal name | ব্যাক্তিনাম Rotheusteins,John
245 ## - TITLE STATEMENT | অাখ্যা বিবরণী
Title | অাখ্যা Modern English Painting
Statement of responsibility | লেখকের দায়িত্বের বিবরণ John Rotheustein
260 ## - IMPRINT | প্রকাশনা ক্ষেত্র
Place of publication | প্রকাশ স্থান [s.l.]
Name of publisher | প্রকাশকের নাম [s.n.]
Date of publication | প্রকাশ কাল [19 - ?]
300 ## - PHYSICAL DESCRIPTION |
Page / Vol. No | পৃষ্ঠা / খন্ড সংখ্যা 96 p.
Other physical details | অনান্য বাহ্যিক বিবরণ illus.
504 ## - BIBLIOGRAPHY, ETC. NOTE
Bibliography, etc Includes index
650 ## - SUBJECT ADDED ENTRY--TOPICAL TERM | বিষয় শিরোনাম - মূল বিষয়
Topical term | মূল বিষয় Painting
850 ## - HOLDING INSTITUTION
Holding institution LCLIB
942 ## - ADDED ENTRY ELEMENTS (KOHA)
Koha item type Books
Holdings
Withdrawn status Lost status Source of classification Damaged status Not for loan Home library Current library Date acquired Total Checkouts Full call number Accession No. Date last seen Price effective from Koha item type Coded location qualifier
    Dewey Decimal Classification     Loreto College Loreto College 04/11/2013   759.942 ROT B17832 04/11/2013 04/11/2013 Books